Japan as a market and sources of supply

Gespeichert in:
Bibliographische Detailangaben
1. Verfasser: Allen, G.C
Format: Buch
Sprache:Undetermined
Veröffentlicht: Oxford Pergamon Press 1967
Schlagworte:
Tags: Tag hinzufügen
Keine Tags, Fügen Sie den ersten Tag hinzu!
Thư viện lưu trữ: Trung tâm Học liệu Trường Đại học Cần Thơ
LEADER 00467nam a2200181Ia 4500
001 CTU_97317
008 210402s9999 xx 000 0 und d
082 |a 380.1 
082 |b A425 
100 |a Allen, G.C 
245 0 |a Japan as a market and sources of supply 
245 0 |c G.C Allen 
260 |a Oxford 
260 |b Pergamon Press 
260 |c 1967 
650 |a Marketing 
904 |i M.Loan(Tuyen) 
980 |a Trung tâm Học liệu Trường Đại học Cần Thơ